[Event "GER-ch Seniors 65"]
[Site "Hamburg"]
[Date "2018.07.25"]
[Round "5"]
[White "Weber, Martin1"]
[Black "Koerner, Herbert"]
[Result "0-1"]
[WhiteElo "1857"]
[BlackElo "1442"]
[PlyCount "48"]
[EventDate "2018.07.21"]
[EventType "swiss"]
[EventRounds "9"]
[EventCountry "GER"]
[SourceTitle "CBM 186 Extra"]
[Source "ChessBase"]
[SourceDate "2018.08.24"]
[SourceVersion "1"]
[SourceVersionDate "2018.08.24"]
[SourceQuality "1"]

1. d4 Nf6 2. c4 e5 3. d5 Bc5 4. Bg5 Bxf2+ 5. Kxf2 Ng4+ 6. Ke1 Qxg5 7. e4 Nxh2 8. Qe2 d6 9. Nd2 Nxf1 10. Nxf1 Bg4 11. Nf3 Bxf3 12. gxf3 Nd7 13. Qf2 g6 14. Ke2 b6 15. Ne3 h5 16. Rh4 0-0-0 17. b4 f5 18. Rg1 Qf6 19. exf5 gxf5 20. Rgh1 f4 21. Ng4 hxg4 22. Rxh8 Rxh8 23. Rxh8+ Qxh8 24. fxg4 Qh3 0-1

[Event "GER-ch Seniors 65"]
[Site "Hamburg"]
[Date "2018.07.22"]
[Round "2"]
[White "Koerner, Herbert"]
[Black "Schwertel, Johann"]
[Result "1/2-1/2"]
[WhiteElo "1442"]
[BlackElo "1862"]
[PlyCount "95"]
[EventDate "2018.07.21"]
[EventType "swiss"]
[EventRounds "9"]
[EventCountry "GER"]
[SourceTitle "CBM 186 Extra"]
[Source "ChessBase"]
[SourceDate "2018.08.24"]
[SourceVersion "1"]
[SourceVersionDate "2018.08.24"]
[SourceQuality "1"]

1. d4 d5 2. Nf3 Nf6 3. Bf4 e6 4. e3 Bd6 5. c3 Bxf4 6. exf4 c6 7. Nbd2 Nbd7 8. Qc2 c5 9. Bb5 a6 10. Bxd7+ Nxd7 11. dxc5 Nxc5 12. 0-0 0-0 13. g3 b6 14. Rfe1 Bb7 15. Rad1 Qf6 16. h4 Rfd8 17. b4 Nd7 18. Qd3 Rac8 19. Rc1 b5 20. Qd4 Qxd4 21. cxd4 Nb6 22. Rc5 Na4 23. Rxc8 Rxc8 24. Nb3 Rc3 25. Re3 Rc4 26. a3 Nc3 27. Nc5 Bc8 28. Ne5 Nd1 29. Nxc4 bxc4 30. Re2 Nc3 31. Rb2 f5 32. a4 Kf7 33. f3 Ke7 34. Rc2 Nb1 35. Kf2 Bd7 36. Ke2 Kd6 37. Kd1 c3 38. Kc1 Na3 39. Rxc3 Nc4 40. Nxd7 Kxd7 41. b5 axb5 42. axb5 Kc7 43. Kc2 Kb6 44. Rb3 Ka5 45. b6 Nxb6 46. Ra3+ Kb5 47. Ra7 Kc4 48. Rxg7 1/2-1/2